| 000 | 00725nam a2200217 u 4500 | ||
|---|---|---|---|
| 005 | 20210223132618.0 | ||
| 008 | 150507s2011 ag r 000 0 spa d | ||
| 020 | _a9789876123365 | ||
| 035 | _aUPN01000203250 | ||
| 049 | _aI | ||
| 050 | 4 |
_aPZ86.3 _bP4.7 |
|
| 100 | 1 |
_aPereira, Wilson, _d1949- _937243 |
|
| 245 | 1 | 3 |
_aLa ranita que quería ser reina / _cWilson Pereira ; il. Cecilia Rébora ; tr. Lidia María Riba. |
| 260 |
_aBuenos Aires : _bV&R, _c2011. |
||
| 300 |
_a34 p. : _bprincipalmente il. col. |
||
| 534 |
_pTítulo original: _tA räzinha que queria ser räinha |
||
| 650 | 4 |
_aRANAS - _vCUENTOS Y LEYENDAS _912231 |
|
| 650 | 4 |
_aLITERATURA INFANTIL BRASILEÑA _911916 |
|
| 906 | _aInfantil | ||
| 999 |
_c175351 _d175351 |
||